Intro stats / (Record no. 8191)
[ view plain ]
| 000 -LEADER | |
|---|---|
| fixed length control field | 00586cam a22002054a 4500 |
| 020 ## - ISBN | |
| International Standard Book Number | 0321286715 (SE) |
| 020 ## - ISBN | |
| International Standard Book Number | 032128724X (IE) |
| 050 00 - LIBRARY OF CONGRESS CALL NUMBER | |
| Classification Number | QA276.12 |
| Item Number | .D4 2006 |
| 100 1# - MAIN ENTRY--Author | |
| Personal name | De Veaux, Richard D. |
| 245 10 - TITLE | |
| Title | Intro stats / |
| Statement of responsibility, etc | Richard D. De Veaux, Paul F. Velleman, David E. Bock. |
| 250 ## - EDITIONSTATEMENT | |
| Edition statement | 2nd ed. |
| 260 ## - PUBLICATION, DISTRIBUTION, ETC.(IMPRINT) | |
| Place of publication, distribution, etc | Boston, MA [USA] : |
| Name of publisher, distributor, etc | Pearson Addison Wesley, |
| Date of publication, distribution, etc | c2006. |
| 300 ## - PHYSICAL DESCRIPTION | |
| Extent | xxv, 677, 59 p. : |
| 500 ## - GENERALNOTE | |
| General note | Includes indexes. |
| 500 ## - GENERALNOTE | |
| General note | Includes CD-ROM. |
| 650 ## - SUBJECT--TOPIC | |
| General subdivision | Statistics. |
| 700 1# - ADDED ENTRY--PERSONAL AUTHOR | |
| Personal Name | Velleman, Paul F., |
| 700 1# - ADDED ENTRY--PERSONAL AUTHOR | |
| Personal Name | Bock, David E. |
| 942 ## - ADDED ENTRY ELEMENTS(KOHA) | |
| Source of classification or shelving scheme | Library of Congress Classification |
| Koha item type | General circulation |
| Source of classification or shelving scheme | Not for loan | Location (home branch) | Sublocation (holding branch) | Shelving location | Date accessioned | Cost, normal purchase price | Full call number | Barcode | Cost, replacement price | Nonpublic note | Koha item type | Public note |
|---|---|---|---|---|---|---|---|---|---|---|---|---|
| Library of Congress Classification | Main Campus Library | Main Campus Library | 04/08/2015 | 1295.00 | QA276.12 .D4 2006 | 2015/005983 | 1424.00 | Nzk | General circulation | Nzk | ||
| Library of Congress Classification | Main Campus Library | Main Campus Library | 18/05/2017 | QA276.12 .D4 2006 | 2016/012058 | CD/DVD-ROMs | ||||||
| Library of Congress Classification | Wote Campus Library | Wote Campus Library | 11/05/2016 | QA276.12 .D4 2006 | 2016/011798 | General circulation | GM |